• 首页
  • 本馆介绍
  • 公告通知
  • 最新文献
  • 馆藏检索
  • 电子资源
  • 读者导购
  • 参考咨询
  • 我的图书馆
  • 登录
  • 详细信息显示
  • 放入我的书架
  • 预约/预借图书
  • 作者相关作品
  • 分类相关作品
  • 丛书相关作品
  • 出版社相关作品

书目信息

  • 表格格式
  • 工作单格式
  • 卡片格式
题名:
国际经济一体化理论与实证研究
    
 
作者: 田青 著
分册:  
出版信息: 北京   中国经济出版社  2005
页数: 225页
开本: 21cm
丛书名:
单 册:
中图分类: F114.41
科图分类:
主题词: 国际经济关系 , 经济一体化 , 国际经济关系--经济一体化--研究
电子资源:
ISBN: 7-5017-7038-7
000 01070nam0 2200265 450
001 TS2006044342
005 20070120154957.67
010    @a7-5017-7038-7@dCNY18.00
100    @a20060829d2005 emky0chiy0110 ea
101 0  @achi@deng
102    @aCN@b110000
105    @ay z 000yy
200 1  @a国际经济一体化理论与实证研究@Aguo ji jing ji yi ti hua li lun yu shi zheng yan jiu@f田青著@FTian Qing Zhu
210    @a北京@c中国经济出版社@d2005
215    @a225页@d21cm
312    @a封面英文题名:International economic integration
330    @a本书内容基于国内外已存在或取得研究成果的现状,作了一些探索性拓展和创新研究,内容包括:导论、文献评述、国际经济一体化理论研究、国际经济一体化理论研究与经验实证、国际经济一体化的理论研究和经验实证、发展中国家参与国际经济一体化的模式和政策选择。
510 1  @aInternational economic integration@zeng
606 0  @a国际经济关系
606 0  @a经济一体化
606 0  @a国际经济关系@x经济一体化@x研究
690    @aF114.41@v4
701  0 @a田青@Atian qing@4著
801  0 @aCN@b中图数据@c20070120
905    @a10447@dF114.41@e112
    
    国际经济一体化理论与实证研究/田青著.-北京:中国经济出版社,2005
    225页;21cm
    
    
    ISBN 7-5017-7038-7:CNY18.00
    本书内容基于国内外已存在或取得研究成果的现状,作了一些探索性拓展和创新研究,内容包括:导论、文献评述、国际经济一体化理论研究、国际经济一体化理论研究与经验实证、国际经济一体化的理论研究和经验实证、发展中国家参与国际经济一体化的模式和政策选择。
●
相关链接 在E读中查询图书 在五车中查询图书 在当当中查询图书 在豆瓣中查询图书


正题名:国际经济一体化理论与实证研究     索取号:F114.41/112         预约/预借

序号 登录号 条形码 馆藏地/架位号 状态 备注
1 0600838   206008381   第一样本阅览室/ [索取号:F114.41/112] 在馆    
2 0600839   206008390   第一借阅区/ [索取号:F114.41/112] 在馆    
3 0600840   206008407   第一借阅区/ [索取号:F114.41/112] 在馆    
4 0600841   206008416   第一借阅区/ [索取号:F114.41/112] 在馆    
5 0600842   206008425   第一借阅区/ [索取号:F114.41/112] 在馆    
6 0600843   206008434   第一借阅区/ [索取号:F114.41/112] 在馆    
唐山师范学院图书馆 欢迎您!
大连网信软件有限公司© 版权所有